00919cam a22002771 450000100060000000300080000600500170001400800390003103500190007003500180008904000400010704100080014708200190015510000250017424500600019925000110025926000420027030000360031250400200034865000220036865000270039070000570041794200120047499900170048695201380050317083BD-RjUL20211209000103.0140216s1960 xx 001 0 eng a(BD-RjUL)17140 a(OCoLC)274013 aDLCcOClWdOCoLCdDLCdBD-RjULbeng aeng04a796 bMUI 19601 aMueller, Pat.95269610aIntramural sports /cPat Mueller and Elmer D. Mitchell. a3d ed. aNew York :bRonald Press Co. ,c1960. avii, 443 p. :billus. ;c24 cm. aIncludes index. 0aAthletics.952697 0aCollege sports.9526981 aMitchell, Elmer Dayton,d1889-ejoint author.951794 2ddccBK c17083d17083 00102ddc40718NFICaRUCLbRUCLcReadingd1970-10-20eZeitlingerg71.00l0o796 MUI 1960r2014-02-16 00:00:00tC-1w2014-02-16yBK